logo

Bir Sreshtho Munshi Abdur Rouf Library
Jhenaidah Cadet College

The beginnings of English literature / (Record no. 9071)

MARC details
000 -LEADER
fixed length control field 00668nam a2200253 a 4500
001 - CONTROL NUMBER
JCCL Control Number 9071
003 - CONTROL NUMBER IDENTIFIER
JCCL marc code BD-JhCC
005 - DATE AND TIME OF LATEST TRANSACTION
control field 20180312180214.0
008 - FIXED-LENGTH DATA ELEMENTS--GENERAL INFORMATION
fixed length control field 180308s1961 nyu 000 0 eng d
035 ## - SYSTEM CONTROL NUMBER
system control number (BD-JhCC)9071
035 ## - SYSTEM CONTROL NUMBER
system control number BD-JhCC
040 ## - CATALOGING SOURCE
Original cataloging agency BD-JhCC
Transcribing agency AAP
Modifying agency BD-JhCC
-- Uk
-- DLC
041 ## - LANGUAGE CODE
Language code of Book eng
050 00 - LIBRARY OF CONGRESS CALL NUMBER
Classification number PR1109
Item number .M345
082 ## - DEWEY DECIMAL CLASSIFICATION NUMBER
Classification number 820.82
Author mark and Year MCN 1961
100 1# - MAIN ENTRY--PERSONAL NAME
Personal name McNiff, William T.,
245 14 - TITLE STATEMENT
Title The beginnings of English literature /
Statement of responsibility, etc William T. McNiff
260 ## - PUBLICATION, DISTRIBUTION, ETC. (IMPRINT)
Place of publication, distribution, etc New York,
Name of publisher, distributor, etc Macmillan
Date of publication, distribution, etc [1961]
300 ## - PHYSICAL DESCRIPTION
Pagination 198 p.
Dimensions 21 cm.
490 0# - SERIES STATEMENT
Series statement The Pageant of literature
650 #0 - SUBJECT ADDED ENTRY--TOPICAL TERM
Topical term or geographic name as entry element English literature.
942 ## - ADDED ENTRY ELEMENTS (KOHA)
Source of classification or shelving scheme Dewey Decimal Classification
Koha item type Books
Holdings
Source of classification or shelving scheme Damaged status Not for loan Home library Current library Shelving location Source of acquisition Total Checkouts Full call number Barcode Date last seen Copy number Koha item type Date of accession
Dewey Decimal Classification     JCC Rouf Library JCC Rouf Library General Stacks Asia Foundation   820.82 MCN 1961 12114 03/08/2018 C - 1 Books  
Dewey Decimal Classification     JCC Rouf Library JCC Rouf Library General Stacks     820.82 MCN 1961 12333 03/12/2018 C-2 Books 03/12/2018
Dewey Decimal Classification     JCC Rouf Library JCC Rouf Library General Stacks     820.82 MCN 1961 12207 03/22/2018 C-3 Books 03/22/2018

JCC Library | Contacts | JCC Home

Last Update on 23 September 2017
Copyright @ 2017-2020 JCC Rouf Library
Rouf Library, Jhenidah Cadet College (JCC), Bangladesh